000 01169cam a22001935a 4500
001 L155689
008 120402s1698 xxk f 000 0 eng d
035 _a(Sirsi) u155689
041 0 _aeng
100 1 _aOgilby, John
_d1600-1676
245 0 0 _aBritannia: or, The Kingdom of England and dominion of Wales, actually survey'd
_bwith a geographical and historical description of the principal roads; explain'd by one hundred maps on copper-plates. With the ichnography, or draught of the several cities, chief towns, &c. And a view of the churches, houses, and places of note on the road . Also an account of the most remarkable passages of antiquity relating to them, and of their present state. By John Ogilby, Esq; cosmographer to King Charles the Second
260 _aLondon
_bprinted for Abel Swall, at the Unicorn in Pater-noster-row, and Robert Morden, at the Atlas in Corn-hill
_cM DC XCVIII [1698]
300 _a[4], 48 p., 100 leaves of plates
_bill., tables
_c2o
520 _aIncludes 100 numbered maps (plates).
583 0 _aCondition reviewed
_c20120620
_lcondition level 2
651 4 _aGreat Britain
_y1707-
690 _aMeasurement
_96256
942 _n0
999 _c113756
_d113756